[Event "Turniej Blitza na II Lidze Juniorów 2018"]
[Site "Szczyrk, Poland"]
[Date "2018.07.26"]
[Round "2.20"]
[White "Tkaczyk, Weronika"]
[Black "Musial, Tomasz"]
[Result "0-1"]
[TimeControl "3'+2\""]
[WhiteElo "1430"]
[BlackElo "1833"]

1. Nf3 {[%clk 00:03:02]} {[%emt 00:00:01]} Nf6 {[%clk 00:03:03]} {[%emt
00:00:01]} 2. g3 {[%clk 00:03:03]} {[%emt 00:00:02]} d5 {[%clk 00:03:03]}
{[%emt 00:00:01]} 3. Bg2 {[%clk 00:03:04]} c6 {[%clk 00:03:04]} {[%emt
00:00:01]} 4. O-O {[%clk 00:03:04]} {[%emt 00:00:03]} Bg4 {[%clk 00:03:04]}
{[%emt 00:00:01]} 5. d4 {[%clk 00:03:03]} {[%emt 00:00:03]} Nbd7 {[%clk
00:03:01]} {[%emt 00:00:04]} 6. Nbd2 {[%clk 00:03:01]} {[%emt 00:00:05]} e6
{[%clk 00:03:01]} {[%emt 00:00:02]} 7. c4 {[%clk 00:03:02]} {[%emt 00:00:01]}
Be7 {[%clk 00:02:58]} {[%emt 00:00:05]} 8. b3 {[%clk 00:02:59]} {[%emt
00:00:04]} O-O {[%clk 00:02:56]} {[%emt 00:00:04]} 9. Bb2 {[%clk 00:03:00]}
{[%emt 00:00:02]} Qc7 {[%clk 00:02:35]} {[%emt 00:00:22]} 10. cxd5 {[%clk
00:02:59]} {[%emt 00:00:04]} cxd5 {[%clk 00:02:27]} {[%emt 00:00:10]} 11. Rc1
{[%clk 00:02:59]} {[%emt 00:00:02]} Qa5 {[%clk 00:02:27]} {[%emt 00:00:02]} 12.
a3 {[%clk 00:02:55]} {[%emt 00:00:06]} Rac8 {[%clk 00:02:24]} {[%emt 00:00:05]}
13. b4 {[%clk 00:02:55]} {[%emt 00:00:03]} Qb6 {[%clk 00:02:19]} {[%emt
00:00:05]} 14. h3 {[%clk 00:02:52]} {[%emt 00:00:06]} Bh5 {[%clk 00:02:18]}
{[%emt 00:00:03]} 15. g4 {[%clk 00:02:44]} {[%emt 00:00:11]} Bg6 {[%clk
00:02:18]} {[%emt 00:00:01]} 16. Ne5 {[%clk 00:02:35]} {[%emt 00:00:11]} a5
{[%clk 00:02:10]} {[%emt 00:00:10]} 17. Nxd7 {[%clk 00:02:21]} {[%emt
00:00:16]} Nxd7 {[%clk 00:02:10]} {[%emt 00:00:03]} 18. Qa4 {[%clk 00:02:06]}
{[%emt 00:00:16]} Nf6 {[%clk 00:01:56]} {[%emt 00:00:16]} 19. Qxa5 {[%clk
00:02:00]} {[%emt 00:00:08]} Qxa5 {[%clk 00:01:56]} {[%emt 00:00:02]} 20. bxa5
{[%clk 00:02:01]} {[%emt 00:00:02]} Bd6 {[%clk 00:01:47]} {[%emt 00:00:10]} 21.
e3 {[%clk 00:01:58]} {[%emt 00:00:05]} Ra8 {[%clk 00:01:43]} {[%emt 00:00:06]}
22. Nb3 {[%clk 00:01:53]} {[%emt 00:00:06]} Ne4 {[%clk 00:01:38]} {[%emt
00:00:07]} 23. Rfd1 {[%clk 00:01:31]} {[%emt 00:00:24]} h5 {[%clk 00:01:24]}
{[%emt 00:00:16]} 24. f3 {[%clk 00:01:26]} {[%emt 00:00:07]} Ng3 {[%clk
00:01:14]} {[%emt 00:00:13]} 25. Kf2 {[%clk 00:01:25]} {[%emt 00:00:04]} f5
{[%clk 00:01:06]} {[%emt 00:00:09]} 26. gxh5 {[%clk 00:01:19]} {[%emt
00:00:08]} Nxh5 {[%clk 00:01:01]} {[%emt 00:00:07]} 27. Nc5 {[%clk 00:01:14]}
{[%emt 00:00:06]} Rxa5 {[%clk 00:00:52]} {[%emt 00:00:12]} 28. Nxe6 {[%clk
00:01:01]} {[%emt 00:00:15]} Re8 {[%clk 00:00:49]} {[%emt 00:00:05]} 29. Nc7
{[%clk 00:00:58]} {[%emt 00:00:05]} Re7 {[%clk 00:00:26]} {[%emt 00:00:25]} 30.
Bc3 {[%clk 00:00:35]} {[%emt 00:00:24]} Rxa3 {[%clk 00:00:10]} {[%emt
00:00:19]} 31. Nxd5 {[%clk 00:00:36]} Ra2+ {[%clk 00:00:11]} {[%emt 00:00:01]}
32. Bd2 {[%clk 00:00:36]} {[%emt 00:00:02]} Bg3+ {[%clk 00:00:10]} {[%emt
00:00:03]} 33. Ke2 {[%clk 00:00:37]} {[%emt 00:00:01]} Nf4+ {[%clk 00:00:11]}
{[%emt 00:00:01]} 34. Nxf4 {[%clk 00:00:37]} {[%emt 00:00:02]} Bxf4 {[%clk
00:00:12]} {[%emt 00:00:02]} 35. Kd3 {[%clk 00:00:36]} {[%emt 00:00:02]} Rxd2+
{[%clk 00:00:12]} {[%emt 00:00:02]} 36. Rxd2 {[%clk 00:00:36]} {[%emt
00:00:02]} Bxe3 {[%clk 00:00:13]} {[%emt 00:00:02]} 37. Ra2 {[%clk 00:00:33]}
{[%emt 00:00:04]} Bxc1 {[%clk 00:00:13]} {[%emt 00:00:02]} 38. f4 {[%clk
00:00:22]} {[%emt 00:00:13]} Bxf4 {[%clk 00:00:13]} {[%emt 00:00:01]} 39. d5
{[%clk 00:00:23]} {[%emt 00:00:02]} Bd6 {[%clk 00:00:14]} {[%emt 00:00:01]} 40.
Rb2 {[%clk 00:00:17]} {[%emt 00:00:07]} f4+ {[%clk 00:00:15]} {[%emt 00:00:02]}
41. Kc4 {[%clk 00:00:14]} {[%emt 00:00:05]} Rc7+ {[%clk 00:00:15]} {[%emt
00:00:01]} 42. Kb5 {[%clk 00:00:13]} {[%emt 00:00:04]} Rc2 {[%clk 00:00:16]} 43.
Rxc2 {[%clk 00:00:11]} {[%emt 00:00:04]} Bxc2 {[%clk 00:00:17]} {[%emt
00:00:02]} 44. Kb6 {[%clk 00:00:11]} {[%emt 00:00:01]} Bd1 {[%clk 00:00:18]}
{[%emt 00:00:01]} 45. Kxb7 {[%clk 00:00:10]} {[%emt 00:00:03]} f3 {[%clk
00:00:19]} {[%emt 00:00:01]} 46. Bf1 {[%clk 00:00:08]} {[%emt 00:00:05]} Be2
{[%clk 00:00:20]} {[%emt 00:00:01]} 47. Kc6 {[%clk 00:00:05]} {[%emt 00:00:05]}
Bxf1 {[%clk 00:00:20]} {[%emt 00:00:01]} 48. Kxd6 {[%clk 00:00:06]} {[%emt
00:00:02]} Bxh3 {[%clk 00:00:20]} {[%emt 00:00:02]} 49. Ke7 {[%clk 00:00:07]}
{[%emt 00:00:01]} f2 {[%clk 00:00:21]} 50. d6 {[%clk 00:00:07]} {[%emt
00:00:01]} f1=Q {[%clk 00:00:21]} {[%emt 00:00:02]} 51. d7 {[%clk 00:00:07]}
{[%emt 00:00:03]} Qf7+ {[%clk 00:00:21]} {[%emt 00:00:01]} 52. Kd6 {[%clk
00:00:07]} {[%emt 00:00:02]} Qxd7+ {[%clk 00:00:22]} 53. Kc5 {[%clk 00:00:08]}
{[%emt 00:00:01]} Qd3 {[%clk 00:00:22]} {[%emt 00:00:01]} 54. Kb4 {[%clk
00:00:09]} {[%emt 00:00:02]} Qc2 {[%clk 00:00:23]} 55. Kb5 {[%clk 00:00:09]}
{[%emt 00:00:02]} Qc3 {[%clk 00:00:24]} {[%emt 00:00:01]} 56. Kb6 {[%clk
00:00:09]} {[%emt 00:00:02]} Bd7 {[%clk 00:00:24]} {[%emt 00:00:02]} 57. Ka6
{[%clk 00:00:09]} {[%emt 00:00:01]} Qb4 {[%clk 00:00:25]} {[%emt 00:00:02]} 58.
Ka7 {[%clk 00:00:09]} {[%emt 00:00:02]} Bc8 {[%clk 00:00:25]} {[%emt 00:00:02]}
59. Ka8 {[%clk 00:00:08]} {[%emt 00:00:03]} Qb7# {[%clk 00:03:02]} 0-1

[Event "Turniej Blitza na II Lidze Juniorów 2018"]
[Site "Szczyrk, Poland"]
[Date "2018.07.26"]
[Round "2.47"]
[White "Chrobot, Tomasz"]
[Black "Kupczak, Antoni"]
[Result "0-1"]
[TimeControl "3'+2\""]
[WhiteElo "1172"]
[BlackElo "1566"]

1. e4 {[%clk 00:03:02]} {[%emt 00:00:02]} e6 {[%clk 00:03:03]} {[%emt
00:00:02]} 2. d4 {[%clk 00:03:02]} {[%emt 00:00:01]} d5 {[%clk 00:03:05]}
{[%emt 00:00:01]} 3. e5 {[%clk 00:03:03]} {[%emt 00:00:01]} c5 {[%clk
00:03:06]} 4. c3 {[%clk 00:03:05]} {[%emt 00:00:01]} Nc6 {[%emt 00:00:04]} 5.
Nf3 {[%clk 00:03:05]} Qb6 {[%clk 00:03:05]} {[%emt 00:00:02]} 6. Nbd2 {[%clk
00:02:37]} {[%emt 00:00:30]} Bd7 {[%clk 00:02:56]} {[%emt 00:00:12]} 7. Nb3
{[%clk 00:02:36]} {[%emt 00:00:03]} a5 {[%clk 00:02:36]} {[%emt 00:00:22]} 8.
a4 {[%clk 00:02:34]} {[%emt 00:00:03]} c4 {[%clk 00:02:31]} {[%emt 00:00:07]} 9.
Nbd2 {[%clk 00:02:20]} {[%emt 00:00:17]} Nge7 {[%emt 00:00:04]} 10. Be2 {[%clk
00:02:08]} {[%emt 00:00:13]} Ng6 {[%clk 00:02:31]} {[%emt 00:00:01]} 11. O-O
{[%clk 00:02:08]} {[%emt 00:00:01]} Be7 {[%clk 00:02:32]} {[%emt 00:00:02]} 12.
Nb1 {[%clk 00:01:47]} {[%emt 00:00:23]} O-O {[%clk 00:02:29]} {[%emt 00:00:05]}
13. Na3 {[%clk 00:01:48]} {[%emt 00:00:01]} Na7 {[%clk 00:02:24]} {[%emt
00:00:07]} 14. Nc2 {[%clk 00:01:45]} {[%emt 00:00:05]} h6 {[%clk 00:02:18]}
{[%emt 00:00:08]} 15. Ne3 {[%clk 00:01:45]} {[%emt 00:00:01]} Nf4 {[%clk
00:02:18]} {[%emt 00:00:02]} 16. Ng4 {[%clk 00:01:30]} {[%emt 00:00:15]} Nxe2+
{[%clk 00:02:13]} {[%emt 00:00:09]} 17. Qxe2 {[%clk 00:01:31]} Qb3 {[%clk
00:02:00]} {[%emt 00:00:15]} 18. Nd2 {[%clk 00:01:23]} {[%emt 00:00:10]} Qc2
{[%clk 00:01:52]} {[%emt 00:00:11]} 19. Re1 {[%clk 00:01:19]} {[%emt 00:00:05]}
Nc6 {[%clk 00:01:31]} {[%emt 00:00:24]} 20. Nf3 {[%clk 00:01:00]} {[%emt
00:00:21]} Qxe2 {[%clk 00:01:27]} {[%emt 00:00:05]} 21. Rxe2 {[%clk 00:01:01]}
{[%emt 00:00:01]} Nd8 {[%clk 00:01:20]} {[%emt 00:00:10]} 22. h3 {[%clk
00:00:46]} {[%emt 00:00:17]} b6 {[%clk 00:01:21]} {[%emt 00:00:01]} 23. Bxh6
{[%clk 00:00:40]} {[%emt 00:00:08]} gxh6 {[%clk 00:01:21]} {[%emt 00:00:02]} 24.
Nxh6+ {[%clk 00:00:37]} {[%emt 00:00:03]} Kh7 {[%clk 00:01:21]} {[%emt
00:00:03]} 25. Ng4 {[%clk 00:00:37]} {[%emt 00:00:02]} Kg7 {[%clk 00:01:13]}
{[%emt 00:00:10]} 26. Re3 {[%clk 00:00:28]} {[%emt 00:00:11]} f5 {[%clk
00:01:15]} 27. Ngh2 {[%clk 00:00:22]} {[%emt 00:00:08]} f4 {[%clk 00:01:14]}
{[%emt 00:00:03]} 28. Re2 {[%clk 00:00:22]} {[%emt 00:00:02]} Nf7 {[%clk
00:01:06]} {[%emt 00:00:10]} 29. g3 {[%clk 00:00:23]} {[%emt 00:00:01]} fxg3
{[%clk 00:01:04]} {[%emt 00:00:04]} 30. fxg3 {[%clk 00:00:24]} Ng5 {[%clk
00:01:01]} {[%emt 00:00:06]} 31. Kg2 {[%clk 00:00:21]} {[%emt 00:00:05]} Ne4
{[%clk 00:00:58]} {[%emt 00:00:05]} 32. Rf1 {[%clk 00:00:19]} {[%emt 00:00:03]}
Kh7 {[%clk 00:00:52]} {[%emt 00:00:09]} 33. g4 {[%clk 00:00:20]} Rf4 {[%clk
00:00:32]} {[%emt 00:00:22]} 34. Nd2 {[%clk 00:00:11]} {[%emt 00:00:11]} Rxf1
{[%clk 00:00:31]} {[%emt 00:00:02]} 35. Nhxf1 {[%clk 00:00:11]} {[%emt
00:00:02]} Nxd2 {[%clk 00:00:32]} {[%emt 00:00:02]} 36. Nxd2 {[%clk 00:00:12]}
{[%emt 00:00:01]} Rf8 {[%clk 00:00:32]} 37. Nf3 {[%clk 00:00:13]} {[%emt
00:00:02]} Bxa4 {[%clk 00:00:29]} {[%emt 00:00:06]} 38. Rf2 {[%clk 00:00:14]}
Kg7 {[%clk 00:00:24]} {[%emt 00:00:08]} 39. Kg3 {[%clk 00:00:14]} {[%emt
00:00:01]} Bd1 {[%clk 00:00:24]} {[%emt 00:00:02]} 40. Nh4 {[%clk 00:00:13]}
{[%emt 00:00:03]} Rxf2 {[%clk 00:00:24]} {[%emt 00:00:01]} 41. Kxf2 {[%clk
00:00:14]} {[%emt 00:00:02]} Bxh4+ {[%clk 00:00:21]} {[%emt 00:00:05]} 42. Ke1
{[%clk 00:00:15]} {[%emt 00:00:01]} Bb3+ {[%clk 00:00:22]} 43. Ke2 {[%clk
00:00:14]} {[%emt 00:00:03]} b5 {[%clk 00:00:23]} 44. Kf3 {[%clk 00:00:13]}
{[%emt 00:00:02]} a4 {[%clk 00:00:24]} {[%emt 00:00:03]} 45. Kg2 {[%clk
00:00:12]} {[%emt 00:00:03]} Be7 {[%clk 00:00:25]} 46. Kg3 {[%clk 00:00:11]}
{[%emt 00:00:03]} a3 {[%clk 00:00:26]} {[%emt 00:00:01]} 47. bxa3 {[%clk
00:00:11]} {[%emt 00:00:01]} Bxa3 {[%clk 00:00:27]} {[%emt 00:00:02]} 48. h4
{[%clk 00:00:12]} {[%emt 00:00:01]} Bb2 {[%emt 00:00:03]} 49. g5 {[%clk
00:00:12]} Bxc3 {[%clk 00:00:27]} {[%emt 00:00:02]} 50. h5 {[%clk 00:00:13]}
{[%emt 00:00:01]} Bxd4 {[%clk 00:00:28]} {[%emt 00:00:02]} 0-1

[Event "Turniej Blitza na II Lidze Juniorów 2018"]
[Site "Szczyrk, Poland"]
[Date "2018.07.26"]
[Round "2.11"]
[White "Niedbala, Bartlomiej"]
[Black "Burdzicki, Jan"]
[Result "1-0"]
[TimeControl "3'+2\""]
[WhiteElo "1961"]
[BlackElo "1491"]

1. g3 {[%clk 00:03:03]} {[%emt 00:00:01]} g6 {[%clk 00:03:02]} {[%emt
00:00:02]} 2. Bg2 {[%clk 00:02:59]} {[%emt 00:00:05]} Bg7 {[%clk 00:03:04]}
{[%emt 00:00:01]} 3. c4 {[%clk 00:03:01]} c6 {[%clk 00:03:02]} {[%emt
00:00:03]} 4. Nf3 {[%clk 00:02:59]} {[%emt 00:00:05]} e6 {[%clk 00:03:01]}
{[%emt 00:00:03]} 5. O-O {[%clk 00:02:46]} {[%emt 00:00:05]} d5 {[%clk
00:03:00]} {[%emt 00:00:13]} 6. d4 {[%clk 00:02:46]} {[%emt 00:00:02]} Ne7
{[%clk 00:02:55]} {[%emt 00:00:06]} 7. Nc3 {[%clk 00:02:45]} {[%emt 00:00:03]}
O-O {[%clk 00:02:55]} {[%emt 00:00:02]} 8. b3 {[%clk 00:02:31]} {[%emt
00:00:16]} Nd7 {[%clk 00:02:47]} {[%emt 00:00:10]} 9. Qc2 {[%clk 00:02:30]}
{[%emt 00:00:04]} Nb6 {[%clk 00:02:45]} {[%emt 00:00:04]} 10. c5 {[%clk
00:02:22]} {[%emt 00:00:09]} Nd7 {[%clk 00:02:45]} {[%emt 00:00:02]} 11. Bf4
{[%clk 00:02:03]} {[%emt 00:00:21]} b6 {[%clk 00:02:37]} {[%emt 00:00:11]} 12.
b4 {[%clk 00:02:04]} {[%emt 00:00:01]} a5 {[%emt 00:00:01]} 13. a3 {[%emt
00:00:01]} Bb7 {[%clk 00:02:33]} {[%emt 00:00:06]} 14. Bd6 {[%clk 00:02:00]}
{[%emt 00:00:08]} Re8 {[%clk 00:02:31]} {[%emt 00:00:04]} 15. e4 {[%clk
00:02:01]} Nc8 {[%clk 00:02:25]} {[%emt 00:00:09]} 16. e5 {[%clk 00:02:02]}
{[%emt 00:00:01]} Nxd6 {[%clk 00:02:22]} {[%emt 00:00:04]} 17. exd6 {[%clk
00:01:57]} {[%emt 00:00:08]} e5 {[%clk 00:02:09]} {[%emt 00:00:15]} 18. dxe5
{[%clk 00:01:43]} {[%emt 00:00:15]} Nxe5 {[%clk 00:02:09]} {[%emt 00:00:02]} 19.
Nxe5 {[%clk 00:01:26]} {[%emt 00:00:20]} Bxe5 {[%clk 00:02:08]} {[%emt
00:00:03]} 20. Rab1 {[%clk 00:01:23]} {[%emt 00:00:05]} Ba6 {[%clk 00:01:58]}
{[%emt 00:00:12]} 21. Rfe1 {[%clk 00:01:14]} {[%emt 00:00:10]} Qf6 {[%clk
00:01:40]} {[%emt 00:00:21]} 22. Na4 {[%clk 00:01:10]} {[%emt 00:00:06]} bxc5
{[%clk 00:01:28]} {[%emt 00:00:14]} 23. bxc5 {[%clk 00:01:09]} {[%emt
00:00:03]} Bb5 {[%clk 00:01:24]} {[%emt 00:00:06]} 24. Nb6 {[%clk 00:01:09]}
{[%emt 00:00:01]} Rad8 {[%clk 00:01:12]} {[%emt 00:00:15]} 25. a4 {[%clk
00:00:58]} {[%emt 00:00:14]} Ba6 {[%clk 00:01:04]} {[%emt 00:00:08]} 26. Bf1
{[%clk 00:00:35]} {[%emt 00:00:26]} Bxf1 {[%clk 00:00:55]} {[%emt 00:00:11]} 27.
Rxf1 {[%clk 00:00:36]} {[%emt 00:00:01]} Bd4 {[%clk 00:00:40]} {[%emt
00:00:17]} 28. Rfe1 {[%clk 00:00:37]} {[%emt 00:00:01]} Rxe1+ {[%clk 00:00:33]}
{[%emt 00:00:09]} 29. Rxe1 {[%clk 00:00:39]} Qf3 {[%clk 00:00:33]} {[%emt
00:00:02]} 30. d7 {[%clk 00:00:35]} {[%emt 00:00:05]} Qc3 {[%clk 00:00:32]}
{[%emt 00:00:03]} 31. Qxc3 {[%clk 00:00:36]} {[%emt 00:00:02]} Bxc3 {[%clk
00:00:33]} {[%emt 00:00:01]} 32. Re8+ {[%clk 00:00:37]} 1-0

[Event "Turniej Blitza na II Lidze Juniorów 2018"]
[Site "Szczyrk, Poland"]
[Date "2018.07.26"]
[Round "2.23"]
[White "Temel, Jan"]
[Black "Ciasnocha, Michal"]
[Result "0-1"]
[TimeControl "3'+2\""]
[WhiteElo "1796"]
[BlackElo "1396"]

1. c4 {[%clk 00:03:04]} {[%emt 00:01:53]} e6 {[%clk 00:03:02]} {[%emt
00:00:03]} 2. e3 {[%clk 00:02:59]} {[%emt 00:00:06]} d5 {[%clk 00:03:03]}
{[%emt 00:00:01]} 3. b3 {[%clk 00:02:59]} {[%emt 00:00:02]} Nf6 {[%clk
00:03:03]} {[%emt 00:00:02]} 4. Bb2 {[%clk 00:03:01]} Be7 {[%clk 00:03:03]}
{[%emt 00:00:02]} 5. Nf3 {[%clk 00:03:01]} {[%emt 00:00:02]} O-O {[%clk
00:03:03]} {[%emt 00:00:02]} 6. Qc2 {[%clk 00:03:02]} b6 {[%clk 00:03:03]}
{[%emt 00:00:03]} 7. h4 {[%clk 00:02:58]} {[%emt 00:00:06]} Bb7 {[%clk
00:02:56]} {[%emt 00:00:09]} 8. Ng5 {[%clk 00:02:58]} {[%emt 00:00:02]} Ne4
{[%clk 00:02:42]} {[%emt 00:00:16]} 9. f3 {[%clk 00:02:44]} {[%emt 00:00:16]}
Nxg5 {[%clk 00:02:23]} {[%emt 00:00:21]} 10. hxg5 {[%clk 00:02:43]} {[%emt
00:00:03]} g6 {[%clk 00:02:24]} 11. Qc3 {[%clk 00:02:21]} {[%emt 00:00:25]} f6
{[%clk 00:02:19]} {[%emt 00:00:07]} 12. Bd3 {[%clk 00:02:20]} {[%emt 00:00:02]}
Nd7 {[%clk 00:02:04]} {[%emt 00:00:18]} 13. cxd5 {[%clk 00:01:55]} {[%emt
00:00:27]} Bxd5 {[%clk 00:02:01]} {[%emt 00:00:06]} 14. Qc2 {[%clk 00:01:49]}
{[%emt 00:00:07]} Qe8 {[%clk 00:01:43]} {[%emt 00:00:20]} 15. Qc3 {[%clk
00:01:37]} {[%emt 00:00:14]} Ne5 {[%clk 00:01:41]} {[%emt 00:00:05]} 16. Bc2
{[%clk 00:01:28]} {[%emt 00:00:10]} b5 {[%clk 00:01:31]} {[%emt 00:00:12]} 17.
a3 {[%clk 00:01:27]} {[%emt 00:00:03]} a5 {[%clk 00:01:30]} {[%emt 00:00:03]}
18. Rh4 {[%clk 00:01:09]} {[%emt 00:00:19]} b4 {[%clk 00:01:26]} {[%emt
00:00:07]} 19. Qd4 {[%clk 00:00:58]} {[%emt 00:00:12]} Bxf3 {[%clk 00:01:16]}
{[%emt 00:00:13]} 20. Qf4 {[%clk 00:00:44]} {[%emt 00:00:16]} Bh5 {[%clk
00:01:06]} {[%emt 00:00:12]} 21. gxf6 {[%clk 00:00:33]} {[%emt 00:00:13]} Bxf6
{[%clk 00:00:39]} {[%emt 00:00:29]} 22. Bxe5 {[%clk 00:00:31]} {[%emt
00:00:04]} Bxh4+ {[%clk 00:00:36]} {[%emt 00:00:05]} 23. Qxh4 {[%clk 00:00:32]}
Qb5 {[%clk 00:00:30]} {[%emt 00:00:09]} 24. g4 {[%clk 00:00:03]} {[%emt
00:00:30]} Rf1# {[%clk 00:00:29]} {[%emt 00:00:03]} 0-1

[Event "Turniej Blitza na II Lidze Juniorów 2018"]
[Site "Szczyrk, Poland"]
[Date "2018.07.26"]
[Round "2.64"]
[White "Kubik, Rafal"]
[Black "Mirowska, Oliwia"]
[Result "0-1"]
[TimeControl "3'+2\""]
[WhiteElo "1077"]
[BlackElo "1297"]

1. d4 {[%emt 00:01:34]} d6 {[%emt 00:00:01]} 2. e4 {[%emt 00:00:03]} Nf6 {[%emt
00:00:02]} 3. Nc3 {[%emt 00:00:03]} e5 {[%emt 00:00:01]} 4. dxe5 {[%emt
00:00:03]} dxe5 5. Qxd8+ Kxd8 6. Bg5 Be6 {[%emt 00:00:07]} 7. Bxf6+ {[%emt
00:00:04]} gxf6 {[%emt 00:00:01]} 8. O-O-O+ Nd7 {[%emt 00:00:01]} 9. Bb5 {[%emt
00:00:03]} c6 {[%emt 00:00:06]} 10. Bd3 {[%emt 00:00:01]} Kc7 11. Nf3 {[%emt
00:00:02]} Bb4 12. a3 {[%emt 00:00:04]} Bxc3 {[%emt 00:00:02]} 13. bxc3 b5 14.
Kb2 {[%emt 00:00:02]} a5 {[%emt 00:00:01]} 15. Ra1 {[%emt 00:00:07]} Rhg8
{[%emt 00:00:02]} 16. Rhg1 {[%emt 00:00:02]} Kb6 {[%emt 00:00:08]} 17. a4
{[%emt 00:00:04]} b4 {[%emt 00:00:01]} 18. cxb4 {[%emt 00:00:04]} axb4 {[%emt
00:00:02]} 19. c3 {[%emt 00:00:02]} c5 {[%emt 00:00:04]} 20. Rgb1 {[%emt
00:00:05]} c4 {[%emt 00:00:03]} 21. Be2 {[%emt 00:00:03]} b3 {[%emt 00:00:01]}
22. Nd2 {[%emt 00:00:05]} Kc5 {[%emt 00:00:05]} 23. f3 {[%emt 00:00:03]} Rxg2
{[%emt 00:00:02]} 24. Re1 {[%emt 00:00:04]} Rxh2 {[%emt 00:00:03]} 25. Kc1
{[%emt 00:00:09]} Nb6 {[%emt 00:00:02]} 26. Bf1 {[%emt 00:00:03]} Nxa4 {[%emt
00:00:06]} 27. Kb1 {[%emt 00:00:15]} b2 {[%emt 00:00:10]} 28. Ra3 {[%emt
00:00:05]} Rxd2 {[%emt 00:00:02]} 29. Re2 {[%emt 00:00:05]} Nxc3+ {[%emt
00:00:05]} 30. Rxc3 {[%emt 00:00:01]} Ra1# {[%emt 00:00:06]} 0-1

[Event "Turniej Blitza na II Lidze Juniorów 2018"]
[Site "Szczyrk, Poland"]
[Date "2018.07.26"]
[Round "2.30"]
[White "Laszczuk, Zuzanna"]
[Black "Majek, Kacper"]
[Result "0-1"]
[TimeControl "3'+2\""]
[WhiteElo "1368"]
[BlackElo "1687"]

1. e4 {[%clk 00:03:02]} {[%emt 00:00:02]} e5 {[%clk 00:03:03]} 2. Nc3 {[%clk
00:03:02]} {[%emt 00:00:01]} Nf6 {[%clk 00:02:59]} {[%emt 00:00:07]} 3. g3
{[%clk 00:03:03]} {[%emt 00:00:01]} c6 {[%clk 00:02:57]} {[%emt 00:00:04]} 4.
Bg2 {[%clk 00:03:04]} d5 {[%clk 00:02:55]} {[%emt 00:00:04]} 5. d3 {[%clk
00:03:05]} {[%emt 00:00:02]} Bb4 {[%clk 00:02:54]} {[%emt 00:00:02]} 6. Bd2
{[%clk 00:03:01]} {[%emt 00:00:05]} d4 {[%clk 00:02:54]} {[%emt 00:00:03]} 7.
Nce2 {[%clk 00:03:01]} Be7 {[%clk 00:02:48]} {[%emt 00:00:09]} 8. f4 {[%clk
00:02:59]} {[%emt 00:00:04]} Nbd7 {[%clk 00:02:20]} {[%emt 00:00:30]} 9. f5
{[%clk 00:02:57]} {[%emt 00:00:04]} Qb6 {[%clk 00:02:15]} {[%emt 00:00:07]} 10.
Rb1 {[%clk 00:02:57]} {[%emt 00:00:02]} c5 {[%clk 00:02:15]} {[%emt 00:00:03]}
11. Nf3 {[%clk 00:02:56]} {[%emt 00:00:02]} h6 {[%clk 00:02:11]} {[%emt
00:00:06]} 12. h3 {[%clk 00:02:57]} {[%emt 00:00:01]} Qc6 {[%clk 00:02:06]}
{[%emt 00:00:07]} 13. O-O {[%clk 00:02:48]} {[%emt 00:00:11]} b5 {[%clk
00:02:06]} {[%emt 00:00:01]} 14. c3 {[%clk 00:02:43]} {[%emt 00:00:07]} Ba6
{[%clk 00:02:04]} {[%emt 00:00:05]} 15. Qc2 {[%clk 00:02:40]} {[%emt 00:00:05]}
Rc8 {[%clk 00:02:02]} {[%emt 00:00:04]} 16. g4 {[%clk 00:02:25]} {[%emt
00:00:17]} O-O {[%clk 00:01:54]} {[%emt 00:00:09]} 17. g5 {[%clk 00:02:23]}
{[%emt 00:00:05]} hxg5 {[%clk 00:01:54]} {[%emt 00:00:02]} 18. Bxg5 {[%clk
00:02:23]} {[%emt 00:00:02]} Rfd8 {[%clk 00:01:33]} {[%emt 00:00:23]} 19. h4
{[%clk 00:02:23]} {[%emt 00:00:02]} Kf8 {[%clk 00:01:29]} {[%emt 00:00:06]} 20.
h5 {[%clk 00:02:21]} {[%emt 00:00:04]} Nxh5 {[%clk 00:01:28]} {[%emt 00:00:04]}
21. Bxe7+ {[%clk 00:02:21]} {[%emt 00:00:01]} Kxe7 {[%clk 00:01:29]} {[%emt
00:00:01]} 22. Qd2 {[%clk 00:02:03]} {[%emt 00:00:20]} Nhf6 {[%clk 00:01:10]}
{[%emt 00:00:21]} 23. Ng3 {[%clk 00:01:54]} {[%emt 00:00:11]} Qd6 {[%clk
00:00:56]} {[%emt 00:00:16]} 24. Rbd1 {[%clk 00:01:37]} {[%emt 00:00:19]} Rh8
{[%clk 00:00:45]} {[%emt 00:00:14]} 25. Nh2 {[%clk 00:00:59]} {[%emt 00:00:39]}
Rh4 {[%clk 00:00:40]} {[%emt 00:00:06]} 26. Nf3 {[%clk 00:00:48]} {[%emt
00:00:14]} Rh6 {[%clk 00:00:41]} 27. Kf2 {[%clk 00:00:36]} {[%emt 00:00:13]}
Rch8 {[%clk 00:00:42]} {[%emt 00:00:01]} 28. Rh1 {[%clk 00:00:33]} {[%emt
00:00:06]} Ng4+ {[%clk 00:00:43]} {[%emt 00:00:01]} 29. Ke2 {[%clk 00:00:33]}
{[%emt 00:00:02]} Ne3 {[%clk 00:00:43]} {[%emt 00:00:02]} 30. Rdg1 {[%clk
00:00:32]} {[%emt 00:00:02]} c4 {[%clk 00:00:39]} {[%emt 00:00:07]} 31. Rxh6
{[%clk 00:00:31]} {[%emt 00:00:03]} Rxh6 {[%clk 00:00:40]} {[%emt 00:00:01]} 32.
dxc4 {[%clk 00:00:24]} {[%emt 00:00:09]} bxc4 {[%clk 00:00:33]} {[%emt
00:00:09]} 33. cxd4 {[%clk 00:00:24]} {[%emt 00:00:02]} c3+ {[%clk 00:00:30]}
{[%emt 00:00:04]} 34. Qd3 {[%clk 00:00:17]} {[%emt 00:00:09]} Bxd3+ {[%clk
00:00:30]} {[%emt 00:00:03]} 35. Kxd3 {[%clk 00:00:18]} Nxg2 {[%clk 00:00:28]}
{[%emt 00:00:04]} 36. Rxg2 {[%clk 00:00:18]} {[%emt 00:00:02]} exd4 {[%clk
00:00:29]} {[%emt 00:00:02]} 37. Nxd4 {[%clk 00:00:17]} {[%emt 00:00:02]} Ne5+
{[%clk 00:00:29]} {[%emt 00:00:02]} 38. Kxc3 {[%clk 00:00:17]} {[%emt
00:00:02]} Qc5+ {[%clk 00:00:28]} {[%emt 00:00:03]} 0-1